02748nam a2200361 i 4500001001000000003000900010005001700019007000300036008004100039040003000080082001900110100003800129245004600167264004600213300002200259336002700281337003200308338002800340500006300368504006900431505076100500590002701261651006901288651007001357651005401427942001401481952027601495952014601771952011301917952016902030952017002199999001702369000026297DO-SdBNP20250407115500.0ta110310s1997 dr 000 e spa d aDO-SdBNPbspacBNPHUerda 4a923bV468p2221 aVentura, Juan934784eautor4aut.10aFiguras puertoplateñas /cJuan Ventura. 1aSanto Domingo :bCantera Gráfica,c1994 avolumen ;c21 cm. 2rdacontentatextobtxt 2rdamediaasin mediciónbn 2rdacarrieravolumenbnc aIncluye datos biográfico del autor en la contracubierta. aIncluye referencia bibliográficas y notas al pie de páginas. aVolumen 1.gIntroducción.tGeneral Gregorio Luperón.-- General Ulises Heureaux.-- Lic. Emilio Prud‘Homme.-- Don Ricardo Limardo.-- Lic. Emilio Rodríguez Demorizi.-- Margarita Mears.-- José del Carmen Ariza T.-- Andrés Brugal y Montaner.-- Jaime Henry Colson Trenwell.-- Antera Mota.-- Mary Lithgow Pierce.-- José Dubeau Bremount.-- Lic. Luis José Dubús.-- Don Natalio Redondo.-- General Segundo Francisco Imbert.-- Dr. Hipólito Rodríguez Sánchez (Polo).-- tFélix Gerónimo Escaño Peña.-- Don Pedro Ceballos León.-- Lic. Aramando Rodríguez Victoria.-- José Ramón López y Lora.--Lic. Francisco J. Peynado y Tuttlinger.-- Lic. Henry Enmanuel Ashton Hodge.-- Francisco Carlos Ortea y Kennedy.-- Jesús María Santos. aInventariado 2023 / MF 4aPuerto Plata (República Dominicana{Rpara}xBiografías953328 4aPuerto Plata (República Dominicana{Rpara}xHistoria Local91943 4aCiudades y PuebloszRepública Dominicana933769 2ddccLBS1 00102ddc51708PDaBNPHUbBNPHUcCTd2023-12-01eDonado por la Presidencia de la República Dominicana 2023l0oBNPHU PD 923 V468pp26297-10r2020-06-25tv.2yLBS1zPerteneció a la biblioteca personal de Emilio Cordero Michel/ Autografiado por el autorZNo se presta 00112ddc51708PDaBNPHUbBNPHUcCTd2014-07-18eDonado por Barbara Suncarl0o923 V468pp2023-4925r2023-07-18tv.2, e.2w2023-07-18yLBS1 00102ddc51708PDaBNPHUbBNPHUcCTd2004-05-23l0o923 V468pp30542-10r2024-07-03tv.1w2024-07-03yLBS1 00102ddc51708PDaBNPHUbBNPHUcCTd2004-06-30ePertenció a la biblioteca Emilio Cordero Michell0o923 V468pp30542-20r2024-07-03tv.1, e.2w2024-07-03yLBS1 00102ddc56708DSaBNPHUbBNPHUcCTd2024-07-03ePertenció a la biblioteca Emilio Cordero Michell0o923 V468pp2024-3264r2024-07-03tv.1, e.3w2024-07-03yLBS1 c25789d25789